[Event "Tourn. n9180"]
[Site "www.chess-mail.com"]
[Date "2017.03.04"]
[Round "1"]
[White "Francesco"]
[Black "Falcoale"]
[WhiteElo "1970"]
[BlackElo "1880"]
[Result "1-0"]
[Round "1"]
1.d4 Ng8f6
2.c4 b6
3.Nb1c3 Bc8b7
4.e4 Nf6xe4
5.Nc3xe4 Bb7xe4
6.Ng1f3 e6
7.Bf1d3 Be4b7
8.O-O Bf8e7
9.Rf1e1 O-O
10.Bc1f4 Be7b4
11.Bf4d2 Bb4xd2
12.Nf3xd2 f5
13.Qd1h5 Nb8c6
14.Nd2f3 Nc6e7
15.Nf3g5 h6
16.Ng5f3 Ne7c6
17.Re1e2 Qd8f6
18.Nf3e5 Nc6xe5
19.dxe5 Qf6e7
20.Ra1d1 Ra8d8
21.Re2d2 Qe7c5
22.Qh5e2 Qc5c6
23.f3 d6
24.exd6 cxd6
25.Qe2xe6 Kh8
26.Bd3xf5 Bb7c8
27.Bf5e4 Bc8xe6
28.Be4xc6 Be6xc4
29.b3 Bc4a6
30.Rd2xd6 Rd8xd6
31.Rd1xd6 Rf8c8
32.Bc6e4 Ba6e2
33.Kf2 Be2b5
34.a4 Bb5a6
35.Rd6c6 Rc8d8
36.Rc6c7 Ba6d3
37.Rc7xa7 b5
38.a5 Bd3xe4
39.fxe4 Rd8d3
40.a6 Rd3xb3
41.Ra7b7 Rb3a3
42.a7 Kh7
43.e5 b4
44.e6 Ra3a2
45.Kg3 Ra2a3
46.Kf4 b3
47.e7 { resign }
1-0

[Event "Match"]
[Site "www.echecsemail.com"]
[Date "2017.03.04"]
[Round "1"]
[White "Gilliere"]
[Black "Genius9"]
[WhiteElo "2010"]
[BlackElo "1610"]
[Result "1-0"]
[Round "1"]
1.e4 e6
2.d4 d5
3.e5 c5
4.Bf1b5 Bc8d7
5.Bb5xd7 Nb8xd7
6.c3 cxd4
7.cxd4 Bf8b4
8.Nb1c3 Ng8e7
9.Bc1d2 Bb4xc3
10.bxc3 Ne7g6
11.Ng1f3 O-O
12.O-O Nd7b6
13.Qd1b3 Qd8c7
14.h3 Nb6c4
15.Ra1b1 b6
16.Rf1d1 Ra8c8
17.g3 Nc4xd2
18.Nf3xd2 Qc7xc3
19.Qb3xc3 Rc8xc3
20.Kg2 Rf8c8
21.Nd2f3 Rc3c2
22.a4 Rc8c3
23.h4 Rc3c4
24.Rb1a1 h6
25.Rd1d3 Rc2c1
{ time. }
1-0

[Event "Match"]
[Site "www.echecsemail.com"]
[Date "2017.03.04"]
[Round "1"]
[White "Azorau"]
[Black "Kazooie"]
[WhiteElo "1820"]
[BlackElo "1780"]
[Result "0-1"]
[Round "1"]
1.e4 d6
2.Ng1f3 e5
3.d4 exd4
4.Nf3xd4 Bf8e7
5.Qd1f3 Ng8f6
6.Bf1c4 O-O
7.O-O Bc8g4
8.Qf3b3 b6
9.h3 Bg4c8
10.Qb3f3 Bc8b7
11.Bc4d5 Bb7xd5
12.exd5 Nb8d7
13.Qf3g3 Kh8
14.Nd4f5 g6
15.Bc1h6 Rf8g8
16.Qg3c3 gxf5
17.Nb1a3 Rg8g6
18.Bh6e3 Qd8g8
19.g3 Nd7e5
20.Qc3xc7 Rg6xg3
21.Kh2 Ne5f3
{ resign }
0-1

[Event "Match"]
[Site "www.echecsemail.com"]
[Date "2017.03.04"]
[Round "1"]
[White "Pariolinius"]
[Black "Coolant"]
[WhiteElo "1980"]
[BlackElo "1789"]
[Result "0-1"]
[Round "1"]
1.d4 Ng8f6
2.Bc1g5 h6
3.Bg5xf6 exf6
4.Nb1c3 Bf8b4
5.e4 O-O
6.Ng1f3 Rf8e8
7.Bf1d3 d5
8.O-O Bb4xc3
9.bxc3 dxe4
10.Bd3e2 exf3
11.Be2xf3 c6
12.Qd1d2 Bc8e6
13.a3 Be6c4
14.Rf1e1 Nb8d7
15.Ra1b1 Nd7b6
16.Re1xe8 Qd8xe8
17.Rb1e1 Qe8d7
18.h3 Ra8e8
19.Re1b1 Nb6d5
20.Bf3g4 f5
21.Bg4f3 b5
22.Rb1a1 Qd7d6
23.a4 a6
24.a5 g5
25.g3 Kg7
26.Ra1d1 f4
27.g4 Qd6a3
28.Bf3g2 Qa3xa5
29.Bg2xd5 Bc4xd5
30.Qd2d3 Qa5d8
31.Qd3f5 Qd8f6
32.Qf5d7 Qf6e6
33.Qd7xe6 fxe6
34.Rd1a1 Re8a8
35.Kf1 a5
36.Ke2 a4
37.Kd3 Bd5g2
38.Ra1e1 a3
39.Re1xe6 a2
{ resign }
0-1

[Event "Match"]
[Site "www.echecsemail.com"]
[Date "2017.03.04"]
[Round "1"]
[White "Mechjoura"]
[Black "Fangshuo"]
[WhiteElo "2129"]
[BlackElo "2030"]
[Result "0-1"]
[Round "1"]
1.Ng1f3 d5
2.c4 d4
3.c5 Nb8c6
4.e4 a6
5.Bf1c4 e6
6.b4 Nc6xb4
7.Bc1b2 Bf8xc5
8.Nf3e5 Ng8f6
9.Bb2a3 O-O
10.g4 Nf6xe4
11.Qd1a4 Qd8g5
12.Ne5f3 Qg5xg4
13.Bc4e2 d3
14.Rh1g1 Bc5xf2
15.Kf1 dxe2
16.Kxe2 Bf2xg1
17.Qa4xb4 Bc8d7
18.Qb4xb7 Qg4g2
{ resign }
0-1

[Event "Match"]
[Site "www.echecsemail.com"]
[Date "2017.03.04"]
[Round "1"]
[White "Mechjoura"]
[Black "Guidom"]
[WhiteElo "1809"]
[BlackElo "2040"]
[Result "0-1"]
[Round "1"]
1.g3 d5
2.Ng1f3 c5
3.c4 d4
4.e3 dxe3
5.fxe3 Bc8g4
6.Bf1g2 Nb8c6
7.Qd1a4 Qd8d3
8.h3 Bg4d7
9.Qa4b3 Qd3xb3
10.axb3 Ng8f6
11.Nb1a3 a6
12.d4 cxd4
13.exd4 e6
14.O-O Bf8e7
15.Nf3e5 Be7d6
16.Bc1f4 Bd6xe5
17.Bf4xe5 Ke7
18.Bg2xc6 Bd7xc6
19.g4 h6
20.Rf1f4 Nf6e8
21.c5 f6
22.Be5d6 Ne8xd6
23.cxd6 Kxd6
24.Na3c4 Kc7
25.Nc4a5 Bc6d5
26.Ra1c1 Kd7
27.b4 Ra8c8
28.Rc1e1 Rc8c2
29.Rf4f2 Rh8c8
30.Re1e2 Rc2c1
31.Kh2 Rc1h1
32.Kg3 Rc8c1
33.Kh4 g5
34.Kh5 Rh1xh3
35.Kg6 f5
36.gxf5 exf5
37.Rf2xf5 Bd5e6
38.Rf5e5 Be6a2
39.Na5xb7 Ba2b1
40.Kg7 g4
41.Nb7c5 Kd6
42.Nc5xa6 g3
43.Re2g2 Rc1c6
44.b5 Rc6b6
45.Rg2e2 Rb6b7
46.Kf6 Bb1a2
47.Re2c2 Rb7f7
48.Kg6 Ba2b1
49.Kxf7 Bb1xc2
50.Re5e6 Kd7
51.Na6c5 Kd8
52.Nc5b7 Kc7
53.Re6e2 Bc2b3
54.Kf6 Kxb7
55.Re2e7 Kb6
56.Ke5 Kxb5
57.Kf4 Bb3d5
58.Re7e1 g2
59.Re1g1 Rh3h1
{ resign }
0-1

[Event "Match"]
[Site "www.echecsemail.com"]
[Date "2017.03.04"]
[Round "1"]
[White "Azorau"]
[Black "Hundegana"]
[WhiteElo "1850"]
[BlackElo "2060"]
[Result "0-1"]
[Round "1"]
1.e4 c5
2.Bf1c4 e6
3.Ng1f3 Nb8c6
4.O-O a6
5.Nb1c3 b5
6.Bc4e2 g6
7.d3 Bf8g7
8.Rf1e1 Ng8e7
9.Bc1e3 d6
10.Be3g5 f6
11.Bg5e3 O-O
12.a4 b4
13.Nc3b1 f5
14.Be3g5 h6
15.Bg5xe7 Qd8xe7
16.c3 Ra8b8
17.Qd1d2 bxc3
18.bxc3 Rb8b6
19.Nb1a3 Rb6b3
20.Re1c1 Bc8b7
21.Na3c4 fxe4
22.dxe4 Rf8d8
23.Qd2a2 Rb3xc3
24.e5 Rc3xc1
25.Ra1xc1 d5
26.Nc4b2 Nc6d4
27.g3 Nd4xe2
28.Kf1 Ne2xc1
29.Qa2a3 d4
30.Nb2c4 Bb7xf3
31.Qa3xc1 d3
32.Qc1e3 Qe7b7
33.Nc4d2 Bf3e2
34.Kg1 c4
35.Nd2xc4 Qb7b1
{ resign }
0-1

[Event "Match"]
[Site "www.echecsemail.com"]
[Date "2017.03.04"]
[Round "1"]
[White "Wd40"]
[Black "Joseph1983"]
[WhiteElo "2459"]
[BlackElo "2200"]
[Result "1-0"]
[Round "1"]
1.e4 c5
2.Ng1f3 e6
3.d4 cxd4
4.Nf3xd4 Ng8f6
5.Nb1c3 Bf8b4
6.e5 Qd8c7
7.exf6 Bb4xc3
8.bxc3 Qc7xc3
9.Qd1d2 Qc3xa1
10.fxg7 Rh8g8
11.c3 Qa1b1
12.Bf1d3 Qb1b6
13.Qd2h6 Qb6c7
14.O-O Qc7e5
15.Bd3xh7 Rg8xg7
16.f4 Rg7xh7
17.Qh6xh7 Qe5c5
18.f5 { resign }
1-0

[Event "Match"]
[Site "www.echecsemail.com"]
[Date "2017.03.04"]
[Round "1"]
[White "Yoj"]
[Black "Gambitmiau"]
[WhiteElo "1749"]
[BlackElo "1930"]
[Result "0-1"]
[Round "1"]
1.Nb1c3 e5
2.d4 Nb8c6
3.dxe5 Bf8b4
4.Ng1f3 Bb4xc3
5.bxc3 Ng8e7
6.e4 a6
7.Bc1f4 Ne7g6
8.Bf4g3 O-O
9.Qd1d2 b5
10.Bf1d3 Qd8e7
 { time }
0-1

[Event "Match"]
[Site "www.echecsemail.com"]
[Date "2017.03.04"]
[Round "1"]
[White "Juodivarnai"]
[Black "Pare123"]
[WhiteElo "2120"]
[BlackElo "2080"]
[Result "1-0"]
[Round "1"]
1.e4 e6
2.d4 d6
3.Ng1f3 Nb8c6
4.Bf1e2 Bf8e7
5.O-O Ng8f6
6.Nb1c3 O-O
7.h3 h6
8.Bc1e3 a6
9.Qd1d2 Nf6h7
10.Nf3h2 Be7g5
11.f4 Bg5f6
12.Nh2g4 b5
13.Ng4xf6 Nh7xf6
14.f5 exf5
15.exf5 Rf8e8
16.Be2d3 Nc6e7
17.Rf1f3 Bc8b7
18.Rf3g3 Kf8
19.Be3xh6 Ne7g8
20.Bh6xg7 Ke7
21.Ra1e1 Kd7
22.Re1xe8 Qd8xe8
23.Rg3e3 Qe8d8
24.Qd2e1 Kc8
25.d5 Kb8
26.g4 Ka7
27.g5 Nf6d7
28.Qe1f2 Nd7b6
29.h4 Ng8e7
30.Bg7f6 { resign }
1-0

[Event "1/32 Finale"]
[Site "www.chess-mail.com"]
[Date "2017.03.04"]
[Round "1"]
[White "Piriot"]
[Black "Szustan"]
[WhiteElo "2319"]
[BlackElo "2660"]
[Result "1/2-1/2"]
[Round "1"]
1.Ng1f3 Nb8c6
2.e4 e5
3.Bf1c4 Ng8f6
4.d3 Bf8e7
5.O-O O-O
6.c3 d5
7.exd5 Nf6xd5
8.Rf1e1 Nd5b6
9.Bc4b5 f6
10.a4 Qd8d5
11.Bc1e3 a6
12.Bb5xc6 Qd5xc6
13.Nb1d2 Bc8e6
14.Qd1c2 Nb6d7
15.d4 Ra8e8
16.dxe5 fxe5
17.Nf3g5 Be7xg5
18.Be3xg5 a5
{ draw }
1/2-1/2

[Event "1/128 Finale"]
[Site "www.chess-mail.com"]
[Date "2017.03.04"]
[Round "1"]
[White "Sorento"]
[Black "Sonfamen"]
[WhiteElo "1499"]
[BlackElo "1809"]
[Result "1-0"]
[Round "1"]
1.d4 c6
2.c4 Ng8f6
3.Ng1f3 d5
4.Nb1c3 dxc4
5.g3 Bc8f5
6.Bf1g2 Nb8d7
7.a4 e6
8.O-O Bf8d6
9.Rf1e1 Qd8e7
10.e4 Nf6xe4
11.Nc3xe4 Bd6b4
12.Bc1d2 O-O-O
13.Ra1c1 a5
14.Rc1xc4 Bf5xe4
15.Re1xe4 Bb4xd2
16.Qd1xd2 Nd7f6
17.Re4e1 h6
18.Qd2xa5 Nf6d5
19.Nf3e5  { time }
1-0

[Event "1/128 Finale"]
[Site "www.chess-mail.com"]
[Date "2017.03.04"]
[Round "1"]
[White "Genius3"]
[Black "Sonfamen"]
[WhiteElo "1910"]
[BlackElo "2119"]
[Result "1-0"]
[Round "1"]
1.d4 c5
2.dxc5 Qd8a5
3.c3 Qa5xc5
4.e4 Nb8c6
5.Bc1e3 Qc5e5
6.Nb1d2 e6
7.Ng1f3  { time }
1-0

[Event "Fast Game"]
[Site "www.echecsemail.com"]
[Date "2017.03.04"]
[Round "1"]
[White "Pellix84"]
[Black "Powerchess"]
[WhiteElo "1590"]
[BlackElo "1279"]
[Result "1-0"]
[Round "1"]
1.d4 d5
2.Ng1f3 Ng8f6
3.e3 Bc8f5
4.c4 c6
5.Nb1d2 e6
6.Bf1e2 Nb8d7
7.O-O Bf8e7
8.b3 O-O
9.Bc1b2 Rf8e8
10.Nf3h4 Bf5g6
11.Nh4xg6 hxg6
12.cxd5 exd5
13.Qd1c2 Be7f8
14.Be2f3 Bf8d6
15.Rf1e1 Qd8c7
16.h3 Re8e7
17.e4 dxe4
18.Nd2xe4 Nf6xe4
19.Bf3xe4 Nd7f6
20.f3  { time }
1-0

[Event "Tourn. n9267"]
[Site "www.chess-mail.com"]
[Date "2017.03.05"]
[Round "1"]
[White "Hansen"]
[Black "Autmich"]
[WhiteElo "1610"]
[BlackElo "1690"]
[Result "0-1"]
[Round "1"]
1.e4 e5
2.a3 Ng8f6
3.d3 d5
4.Ng1f3 dxe4
5.Nf3xe5 Qd8d4
6.Ne5c4 exd3
7.Bf1xd3 Bc8e6
8.Nc4e3 Nb8c6
9.Nb1d2 O-O-O
10.Nd2f3 Qd4b6
11.Nf3g5 Bf8c5
12.Ne3c4 Be6xc4
13.Qd1d2 Rh8e8
14.Kd1 h6
15.Ng5f3 Bc5xf2
16.b3 Bf2e3
17.Qd2c3 Bc4a6
18.Bc1b2 Nf6e4
19.Qc3xg7 Ne4f2
20.Ke1 Be3d4
21.Kd2 Bd4xg7
22.Bb2xg7 Ba6xd3
23.cxd3 Rd8xd3
24.Kc2 Re8e2
25.Nf3d2 Re2xd2
26.Kc1 Qb6c5
27.Kb1 Qc5c2
{ resign }
0-1

[Event "Tourn. n9106"]
[Site "www.chess-mail.com"]
[Date "2017.03.05"]
[Round "1"]
[White "Ditto"]
[Black "Jobeye"]
[WhiteElo "1840"]
[BlackElo "2149"]
[Result "1-0"]
[Round "1"]
1.d4 Ng8f6
2.c4 d6
3.Ng1f3 Bc8g4
4.Bc1f4 g6
5.Nb1d2 Bf8g7
6.e3 c5
7.d5 Qd8a5
8.Bf1e2 Nf6h5
9.Bf4g5 Bg7xb2
10.Ra1b1 Qa5xa2
11.O-O h6
12.Bg5h4 g5
13.Bh4g3 Bg4d7
14.Qd1c2 b6
15.Rb1xb2 Qa2a6
16.Nf3e1 Nh5f6
17.Ne1f3 Nf6h5
18.Qc2c3 f6
19.Nf3e1 Nh5xg3
20.fxg3 O-O
21.Qc3d3 Bd7e8
22.Qd3e4 Qa6b7
23.Qe4f5 e5
24.Be2d3 Qb7f7
25.Nd2f3 Nb8d7
26.Qf5g4  { time }
1-0

[Event "Tourn. n9268"]
[Site "www.chess-mail.com"]
[Date "2017.03.05"]
[Round "1"]
[White "Bojan"]
[Black "Francesco"]
[WhiteElo "2020"]
[BlackElo "2020"]
[Result "0-1"]
[Round "1"]
1.e4 c6
2.d4 d5
3.e5 Bc8f5
4.Bc1e3 e6
5.Bf1d3 Bf5xd3
6.Qd1xd3 c5
7.f4 Nb8c6
8.dxc5 d4
9.Be3f2 Bf8xc5
10.a3 Qd8a5
11.Nb1d2 Ng8e7
12.Ng1e2 Ra8d8
13.O-O Bc5b6
14.b4 Qa5d5
15.Nd2b3 Ne7f5
16.Ra1d1 O-O
17.Rd1d2 Nf5e3
18.Bf2xe3 dxe3
19.Qd3xd5 exd2
{ resign }
0-1

[Event "Tourn. n9252"]
[Site "www.chess-mail.com"]
[Date "2017.03.05"]
[Round "1"]
[White "Darko10"]
[Black "Nimzo"]
[WhiteElo "2680"]
[BlackElo "2690"]
[Result "1/2-1/2"]
[Round "1"]
1.e4 e5
2.Ng1f3 Nb8c6
3.Bf1b5 a6
4.Bb5a4 Ng8f6
5.O-O Bf8e7
6.Rf1e1 b5
7.Ba4b3 O-O
8.h3 Bc8b7
9.d3 d5
10.exd5 Nf6xd5
11.Nf3xe5 Nc6d4
12.Bc1d2 c5
13.Nb1c3 Nd5c7
14.Qd1g4 Nd4xb3
15.axb3 f5
16.Qg4g3 Be7h4
17.Qg3e3 Bh4f6
18.Qe3f4 Bf6e7
19.Qf4g3 { draw }
1/2-1/2

[Event "Tourn. n9214"]
[Site "www.chess-mail.com"]
[Date "2017.03.05"]
[Round "1"]
[White "Bojan"]
[Black "Hundegana"]
[WhiteElo "2060"]
[BlackElo "2060"]
[Result "0-1"]
[Round "1"]
1.e4 c5
2.f4 e6
3.Ng1f3 Ng8f6
4.e5 Nf6d5
5.d3 Nb8c6
6.c4 Nd5c7
7.Bc1e3 g6
8.Nb1c3 a6
9.Nc3e4 b6
10.Ne4f6 Ke7
11.Be3f2 d6
12.Bf2h4 Qd8d7
13.Nf6xd7 Kxd7
14.exd6 Bf8xd6
15.Bh4f6 Rh8g8
16.Nf3e5 Nc6xe5
17.Bf6xe5 Bd6xe5
18.fxe5 Bc8b7
19.d4 Ke7
20.dxc5 Ra8d8
21.Qd1b3 b5
22.Rh1g1 Rd8d4
23.Ra1d1 Rd4e4
24.Kd2 Re4xe5
25.Kc1 a5
26.cxb5 Re5xc5
27.Kb1 Nc7d5
28.Bf1e2 Nd5b4
29.Rd1d2 Rg8c8
30.a3 Bb7e4
31.Be2d3 Nb4xd3
32.Rd2xd3 a4
33.Qb3xa4 Be4xd3
34.Ka1 Bd3xb5
35.Qa4b4 Ke8
36.a4 Bb5d3
37.Rg1d1 Bd3e2
38.Rd1e1 Be2d3
39.a5 h5
40.Ka2 Bd3c4
41.b3 Bc4d5
42.Re1e2 Rc5c3
43.Re2b2 f5
44.a6 g5
45.a7 Rc3c7
46.Qb4b6 Kd7
47.Rb2d2 Rc7c2
48.Rd2xc2 Rc8xc2
49.Ka3 Bd5xg2
50.Qb6b8 Rc2c1
51.Kb2 Rc1c8
52.Qb8g3 Bg2e4
53.Qg3xg5 Rc8c2
54.Ka3 Rc2xh2
55.Qg5g8 h4
56.a8Q Be4xa8
57.Qg8xa8 h3
58.Qa8a7 Kc6
59.Qa7g1 Rh2e2
60.Qg1h1 Kd6
61.Qh1xh3 Re2e4
62.Qh3d3 Ke5
63.b4 f4
64.Qd3b5 Kf6
65.Qb5d3 Re4e3
{ resign }
0-1

[Event "Match"]
[Site "www.echecsemail.com"]
[Date "2017.03.05"]
[Round "1"]
[White "Gilliere"]
[Black "Sonfamen"]
[WhiteElo "2020"]
[BlackElo "1809"]
[Result "1-0"]
[Round "1"]
1.e4 e5
2.Ng1f3 Nb8c6
3.Bf1b5 Ng8e7
4.d3 b6
5.O-O Bc8b7
6.Bb5xc6 Ne7xc6
7.Nb1c3  { time }
1-0

[Event "Match"]
[Site "www.echecsemail.com"]
[Date "2017.03.05"]
[Round "1"]
[White "Lcmachado"]
[Black "Nearlythere"]
[WhiteElo "1469"]
[BlackElo "1459"]
[Result "1-0"]
[Round "1"]
1.e4 e5
2.Ng1f3 f6
3.Bf1e2 g6
4.d4 d6
5.Nb1c3 c6
6.O-O Bf8g7
7.a3 b5
8.d5 Bc8b7
9.b4 Ng8e7
10.a4 a6
11.a5 { resign }
1-0

[Event "Match"]
[Site "www.echecsemail.com"]
[Date "2017.03.05"]
[Round "1"]
[White "Cal"]
[Black "Nearlythere"]
[WhiteElo "1550"]
[BlackElo "1389"]
[Result "1-0"]
[Round "1"]
1.Nb1c3 c6
2.e4 e5
3.a3 a6
4.h3 h5
5.Ng1f3 f6
6.d3 b5
7.b4 a5
8.bxa5 Ra8xa5
9.Bc1d2 Bf8xa3
10.d4 exd4
11.Nf3xd4 Ba3b4
12.Nc3e2 Bb4xd2
13.Kxd2 d5
14.f3 dxe4
15.fxe4 Ng8e7
16.Ke1 c5
17.Nd4b3 Ra5xa1
18.Qd1xa1 O-O
19.g4 hxg4
20.hxg4 Bc8xg4
21.Nb3xc5 Nb8c6
22.Rh1h4 Nc6e5
23.Ne2d4 Qd8xd4
24.Qa1xd4 Ne5f3
25.Kf2 Nf3xd4
26.Rh4xg4 Nd4xc2
27.Bf1xb5 Nc2d4
28.Bb5c4 Kh7
29.Rg4h4 Kg6
30.Bc4e6 Nd4xe6
31.Nc5xe6 Rf8a8
32.Rh4g4 Kf7
33.Ne6c7 Ra8a2
34.Ke3 f5
35.Rg4f4 Ra2a3
36.Kd4 Ra3a4
37.Ke5 Ne7g6
38.Kxf5 Ng6xf4
39.Kxf4 Kf6
40.Nc7d5 Ke6
41.Nd5c7 Kf7
42.Nc7d5 Ke6
43.Nd5c3 Ra4a1
44.Nc3e2 Ra1f1
45.Kg5 Rf1f2
46.Ne2g3 Rf2g2
47.Kf4 Rg2f2
48.Ke3 Rf2a2
49.Ng3h5 g5
50.Nh5g7 Kf6
51.Ng7h5 Kg6
52.Nh5g3 Ra2a3
53.Kf2 g4
54.Ng3f5 Kg5
55.Nf5d6 Kf4
56.Kg2 Ra3g3
57.Kf2 Rg3d3
58.e5 Kxe5
59.Nd6c4 Kf4
60.Ke2 Rd3c3
61.Nc4d6 g3
62.Nd6b5 Rc3e3
63.Kf1 Kf3
64.Nb5d4 Ke4
65.Nd4c2 Re3c3
66.Nc2b4 { resign }
1-0

[Event "Match"]
[Site "www.echecsemail.com"]
[Date "2017.03.05"]
[Round "1"]
[White "Mdesouza"]
[Black "Bitcoin"]
[WhiteElo "2330"]
[BlackElo "1809"]
[Result "0-1"]
[Round "1"]
1.e4 e5
2.Ng1f3 Nb8c6
3.Bf1b5 a6
4.Bb5a4 Bf8e7
5.O-O Ng8f6
6.d3 b5
7.Ba4b3 d6
8.h3 Nc6a5
9.c3 Na5xb3
10.Qd1xb3 O-O
11.Bc1g5 Bc8e6
12.Qb3c2 Nf6h5
13.Bg5xe7 Qd8xe7
14.Nb1d2 Nh5f4
15.d4 Be6xh3
16.gxh3 Qe7d7
17.Nf3g5 f6
18.f3 fxg5
19.Nd2b3 Nf4xh3
20.Kh1 Rf8f6
21.dxe5 Rf6h6
22.Kg2 Nh3f4
{ resign }
0-1

[Event "Match"]
[Site "www.echecsemail.com"]
[Date "2017.03.05"]
[Round "1"]
[White "Sae80"]
[Black "Manuelito"]
[WhiteElo "1419"]
[BlackElo "1740"]
[Result "1-0"]
[Round "1"]
1.e4 e5
2.Ng1f3 Nb8c6
3.Bf1b5 d6
4.O-O Ng8f6
5.d4 a6
6.Bb5xc6 bxc6
7.dxe5 dxe5
8.Qd1xd8 Kxd8
9.Nf3xe5 Bc8b7
10.Ne5xf7 Kd7
11.Nf7xh8 Ke6
12.Nb1c3 Bf8c5
13.Nc3a4 Bc5b6
14.Na4xb6 cxb6
15.e5 Nf6g4
16.f3 Ng4xe5
17.Rf1e1 Kf6
18.Bc1g5 Kxg5
19.Re1xe5 Kf6
20.Ra1e1 Ra8xh8
21.Re5e6 Kf5
22.g3 g5
23.Re1e5 
1-0

[Event "Match"]
[Site "www.echecsemail.com"]
[Date "2017.03.05"]
[Round "1"]
[White "Nearlythere"]
[Black "Midknightblu"]
[WhiteElo "1459"]
[BlackElo "1339"]
[Result "0-1"]
[Round "1"]
1.e4 e5
2.d4 exd4
3.Qd1xd4 Nb8c6
4.Qd4d1 Bf8c5
5.c3 Ng8f6
6.f3 Bc5xg1
7.Rh1xg1 O-O
8.g4 Nf6e8
9.Bc1f4 d6
10.b4 Nc6e7
11.a4 a6
12.e5 Bc8e6
13.exd6 Ne8xd6
14.Bf4xd6 cxd6
15.b5 a5
16.c4 Ne7g6
{ resign }
0-1

[Event "Eq:Slap Shot Mates-Equipo Juan Diaz : "]
[Site "www.chess-mail.com"]
[Date "2017.03.05"]
[Round "1"]
[White "Ecijaajedrez"]
[Black "Jpmartinez"]
[WhiteElo "2460"]
[BlackElo "2580"]
[Result "1/2-1/2"]
[Round "1"]
1.d4 d5
2.c4 e6
3.Nb1c3 c6
4.cxd5 exd5
5.Ng1f3 Bc8f5
6.Bc1g5 Qd8b6
7.Qd1d2 Nb8d7
8.e3 Ng8f6
9.Bf1d3 Bf5xd3
10.Qd2xd3 Bf8d6
11.O-O O-O
12.Ra1b1 Rf8e8
13.Bg5f4 Nf6e4
14.Bf4xd6 Ne4xd6
15.b4 a6
16.a4 Qb6c7
17.Rf1c1 Nd7b6
18.b5 axb5
19.Nc3xb5 Nd6xb5
20.Qd3xb5 Nb6c4
21.Qb5xb7 Qc7xb7
22.Rb1xb7 Ra8xa4
23.Rb7c7 Ra4a6
24.Nf3e5 Nc4xe5
25.dxe5 g5
26.f4 Ra6a4
27.g3 d4
28.exd4 Ra4xd4
29.fxg5 Re8xe5
30.Rc1f1 Rd4d2
31.Rc7xf7 Re5xg5
32.Rf7c7 h5
33.Rf1b1 Rg5g7
34.Rb1b8 Kh7
35.Rb8b7 Rg7xc7
36.Rb7xc7 Kg8
37.Rc7xc6 h4
38.gxh4 { draw }
1/2-1/2

[Event "Eq:Equipo Juan Diaz-La Taverne : "]
[Site "www.chess-mail.com"]
[Date "2017.03.05"]
[Round "1"]
[White "Shirovkirk"]
[Black "Gilliere"]
[WhiteElo "2420"]
[BlackElo "2010"]
[Result "1-0"]
[Round "1"]
1.e4 c5
2.d4 cxd4
3.c3 dxc3
4.Nb1xc3 e5
5.Ng1f3 d6
6.Bf1c4 h6
7.Bc4xf7 Kxf7
8.Nf3xe5 Ke8
9.Qd1h5 Ke7
10.Qh5f7 
1-0

[Event "Tourn. n9274"]
[Site "www.chess-mail.com"]
[Date "2017.03.06"]
[Round "1"]
[White "Danquigley"]
[Black "Luban"]
[WhiteElo "2540"]
[BlackElo "2220"]
[Result "1-0"]
[Round "1"]
1.e4 c5
2.Nb1c3 e6
3.Ng1f3 a6
4.d4 cxd4
5.Nf3xd4 d6
6.g4 Bf8e7
7.Bc1e3 Bc8d7
8.h4 Be7xh4
9.Qd1d2 Nb8c6
10.Nd4xc6 Bd7xc6
11.g5 Bh4xf2
12.Qd2xf2 Ng8e7
13.O-O-O Ne7g6
14.Qf2g3 Ng6e5
15.Be3c5 { resign }
1-0

[Event "Tourn. n9170"]
[Site "www.chess-mail.com"]
[Date "2017.03.06"]
[Round "1"]
[White "Hippomoomoo"]
[Black "Szustan"]
[WhiteElo "2330"]
[BlackElo "2670"]
[Result "0-1"]
[Round "1"]
1.d4 d5
2.c4 dxc4
3.e4 e5
4.Ng1f3 exd4
5.Bf1xc4 Bf8b4
6.Bc1d2 Bb4xd2
7.Nb1xd2 Nb8c6
8.Nd2b3 d3
9.O-O Ng8e7
10.Ra1c1 O-O
11.Rc1c3 Ne7g6
12.Nb3c5 Ng6e5
13.Bc4xd3 b6
14.Nf3xe5 Nc6xe5
15.Nc5b3 c5
16.Bd3e2 Qd8e7
17.f4 Ne5c6
18.Qd1b1 Rf8d8
19.e5 Bc8e6
20.Be2d3 h6
21.Bd3h7 Kh8
22.Bh7e4 Ra8c8
23.Qb1e1 Be6d5
24.Be4xd5 Rd8xd5
25.Nb3d2 Nc6b4
26.Nd2e4 Rc8d8
27.Ne4d6 Nb4xa2
28.Rc3e3 Na2b4
29.Qe1e2 Nb4c6
30.Qe2f3 Rd5xd6
31.exd6 Qe7xd6
32.Rf1e1 Qd6d7
33.Qf3e2 Qd7d4
34.Kh1 g6
 { time }
0-1

[Event "Tourn. n9196"]
[Site "www.chess-mail.com"]
[Date "2017.03.06"]
[Round "1"]
[White "Malbertan"]
[Black "Osopanda"]
[WhiteElo "2060"]
[BlackElo "2030"]
[Result "1-0"]
[Round "1"]
1.e4 c5
2.Ng1f3 d6
3.d4 cxd4
4.Nf3xd4 Ng8f6
5.Nb1c3 a6
6.f4 Qd8c7
7.Bf1e2 Nb8c6
8.Bc1e3 Nc6xd4
9.Qd1xd4 e5
10.fxe5 dxe5
11.Qd4d2 Bc8e6
12.O-O Ra8d8
13.Qd2e1 Bf8c5
14.Qe1f2 Bc5xe3
15.Qf2xe3 O-O
16.Qe3g5 Qc7c5
17.Kh1 Nf6e8
18.Qg5xd8 Ne8d6
19.Qd8h4 b5
20.Ra1d1 Nd6c4
21.Nc3d5 Be6xd5
22.Rd1xd5 Qc5e3
23.Be2xc4 bxc4
24.Rd5xe5 Qe3e2
25.Re5f5 Qe2xc2
26.Rf5xf7 { resign }
1-0

[Event "Tourn. n9044"]
[Site "www.chess-mail.com"]
[Date "2017.03.06"]
[Round "1"]
[White "Ditto"]
[Black "Cal"]
[WhiteElo "1780"]
[BlackElo "1720"]
[Result "1-0"]
[Round "1"]
1.e4 e5
2.Ng1f3 d6
3.Bf1c4 h6
4.d3 Ng8f6
5.Nb1c3 Bc8g4
6.h3 Bg4h5
7.Bc1e3 Bf8e7
8.O-O a6
9.Nc3b1 b5
10.Bc4b3 O-O
11.c3 c5
12.Nb1d2 Nb8c6
13.Qd1e1 a5
14.Nf3h4 a4
15.Bb3c2 Nf6h7
16.Nh4f5 Be7g5
17.Nf5g3 Bh5g6
18.f4 exf4
19.Ng3h1 fxe3
20.Nd2f3 Bg5f4
21.Qe1e2 Nh7f6
22.Nf3h4 Nf6h5
23.Nh4xg6 fxg6
24.Qe2g4 Nh5f6
25.Qg4xf4 Nf6h5
26.Qf4xe3 Nc6e5
27.Bc2d1 Rf8xf1
28.Kxf1 Qd8f6
29.Nh1f2 Ra8f8
30.a3 Ne5xd3
31.Kg1 Nd3xf2
32.Bd1f3 Nf2xh3
33.gxh3 Nh5f4
34.Kf1 Nf4xh3
35.Ke2 Qf6h4
36.Ra1h1 Qh4g3
37.Rh1f1 Nh3f4
38.Kd2 Nf4e6
39.Rf1g1 Qg3xf3
40.Rg1xg6 Qf3h5
41.Rg6xe6 d5
42.Qe3xc5 dxe4
43.Qc5xh5 Rf8f2
44.Ke3 Rf2xb2
45.Qh5e8 Kh7
46.Qe8g6 Kg8
47.Re6e8 { resign }
1-0

[Event "Tourn. n8956"]
[Site "www.chess-mail.com"]
[Date "2017.03.06"]
[Round "1"]
[White "Numanoid"]
[Black "Kampungboy"]
[WhiteElo "2310"]
[BlackElo "2430"]
[Result "0-1"]
[Round "1"]
1.e4 c6
2.d4 d5
3.e5 c5
4.dxc5 e6
5.a3 Bf8xc5
6.b4 Bc5b6
7.Ng1f3 a5
8.Bc1b2 Ng8e7
9.Nb1d2 O-O
10.Bf1d3 Ne7g6
11.g3 Nb8a6
12.h4 Bc8d7
13.h5 Ng6e7
14.c3 h6
15.g4 Bb6a7
16.Qd1e2 Bd7a4
17.O-O Qd8c7
18.Ra1c1 Qc7d7
19.Kh1 Na6c7
20.Rf1g1 Ba4b5
21.c4 dxc4
22.Nd2xc4 Nc7d5
23.Qe2e4 g6
24.Nc4d6 Bb5xd3
25.Qe4xd3 Ba7xf2
26.Rg1f1 Bf2e3
27.Rc1e1 Be3f4
28.b5 b6
29.hxg6 Ne7xg6
30.Qd3e4 Qd7e7
31.Nd6f5 Qe7c7
32.Nf5d6 Ra8a7
33.Rf1f2 Qc7e7
34.Rf2c2 Ra7c7
35.Rc2xc7 Qe7xc7
36.a4 Qc7c5
37.Qe4d3 Qc5f2
38.Qd3e2 Qf2g3
39.Qe2g2 Qg3xg2
40.Kxg2 Nd5e3
41.Kh3 Rf8d8
42.Re1c1 Ne3d5
43.Rc1c6 Bf4e3
44.Kg3 Kg7
45.Nd6c4 Be3f4
46.Kh3 Ng6e7
47.Rc6d6 Rd8c8
48.Nc4xb6 Nd5xb6
49.Rd6xb6 Rc8c4
50.Rb6a6 Bf4e3
51.Ra6xa5 Ne7d5
52.b6 Nd5xb6
53.Ra5a6 Nb6d5
54.a5 Nd5f4
55.Kg3 Rc4c2
{ resign }
0-1

[Event "Tourn. n9256"]
[Site "www.chess-mail.com"]
[Date "2017.03.06"]
[Round "1"]
[White "Louis"]
[Black "Milkyway"]
[WhiteElo "2030"]
[BlackElo "1970"]
[Result "0-1"]
[Round "1"]
1.d4 Ng8f6
2.c4 d6
3.Ng1f3 g6
4.Nb1c3 Bf8g7
5.e4 O-O
6.Bf1e2 c6
7.O-O Nb8d7
8.Bc1g5 h6
9.Bg5e3 e5
{ resign }
0-1

[Event "Tourn. n9256"]
[Site "www.chess-mail.com"]
[Date "2017.03.06"]
[Round "1"]
[White "Picifarkinca"]
[Black "Louis"]
[WhiteElo "1900"]
[BlackElo "2030"]
[Result "1-0"]
[Round "1"]
1.Ng1f3 d5
2.d4 Ng8f6
3.c4 c6
4.Nb1c3 e6
5.Bc1g5 h6
6.Bg5xf6 Qd8xf6
7.e3 Nb8d7
8.cxd5 exd5
9.Bf1e2 Bf8d6
10.O-O { resign }
1-0

[Event "Tourn. n9214"]
[Site "www.chess-mail.com"]
[Date "2017.03.06"]
[Round "1"]
[White "Bojan"]
[Black "Ff333"]
[WhiteElo "2060"]
[BlackElo "2100"]
[Result "1-0"]
[Round "1"]
1.e4 e5
2.Ng1f3 Nb8c6
3.d4 exd4
4.Nf3xd4 Qd8f6
5.c3 Nc6xd4
6.Qd1xd4 b6
7.Bc1e3 Bf8c5
8.Qd4xf6 Ng8xf6
9.Be3xc5 bxc5
10.f3 O-O
11.Nb1a3 a6
12.Na3c4 Nf6e8
13.e5 f6
14.O-O-O fxe5
15.Nc4xe5 Ne8f6
16.Bf1c4 d5
17.Bc4b3 c4
18.Bb3a4 Bc8b7
19.Rh1e1 Ra8c8
20.Kd2 Nf6h5
21.Ne5d7 Rf8f7
22.Nd7c5 c6
23.Re1e5 Nh5f4
24.g3 Nf4g6
25.Re5e3 a5
26.Rd1e1 Bb7a8
27.f4 h6
28.Ba4c2 Ng6h8
29.Re3e7 Rf7xe7
30.Re1xe7 Kf8
31.Re7a7 Nh8f7
32.Bc2g6 Nf7d6
33.Nc5e6 Kg8
34.Ra7xg7 Kh8
35.Rg7h7 Kg8
36.Rh7xh6 Nd6f7
37.Rh6h7 Nf7d8
38.Ne6d4 Rc8b8
39.Kc2 Rb8b7
40.Rh7xb7 Ba8xb7
41.b3 Kg7
42.Bg6h5 Bb7c8
43.Bh5e8 c5
44.Nd4c6 cxb3
45.Kxb3 Nd8xc6
46.Be8xc6 Bc8e6
47.a3 d4
48.Kc2 Be6f5
49.Kd2 d3
50.Bc6b5 Kf6
51.Bb5xd3 { resign }
1-0